00514nam a2200193 a 4500001001300000003000900013005001700022008004100039020002300080082001600103100001900119245004800138260003500186300000800221500003500229505001700264650002000281700001900301nice12345678IN_TiNIC20260116015333.0110421s2005 newa grp 000 0 eng  a9781932099935c36000a297.38bALG aAlgul, Huseyin aBlessed Days and Nights of the Islamic Year aNew Jersey, USA bLight c2005 a88p aincludes index and biblioraphy2 aBibliography aIslam-Festivals1 aAlgul, Huseyin